| 000 | 00922nam a2200241 a 4500 | ||
|---|---|---|---|
| 999 |
_c11892 _d11892 |
||
| 001 | 11892 | ||
| 003 | BD-JhCC | ||
| 005 | 20220731134024.0 | ||
| 008 | 201124b2016 bg a|||| ||a| 000 0 ben d | ||
| 020 | _a9789893319697 | ||
| 035 | _a(BD-JhCC)11892 | ||
| 040 |
_aBD-JhCC _dBD-JhCC |
||
| 041 | _aben | ||
| 082 |
_a646.72 _bROL 2016 |
||
| 100 | _aরোলা, সাবিয়া রশীদ | ||
| 245 |
_aআপনার শরীরটাকে ফিট রাখতে প্রয়োজনীয় টিপস / _cসাবিয়া রশীদ রোলা । |
||
| 260 |
_aঢাকা: _bদি ইউনিভার্সেল একাডেমি; _c২০১৬. |
||
| 300 |
_a104 p. : _bill; _c16 cm. |
||
| 600 | _aCara Birnbaum. | ||
| 651 |
_aMiss Universe Pageant _vBeauty, Personal _xFeminine beauty (Aesthetics) _zPhysical fitness--Health aspects |
||
| 942 |
_2ddc _cBK _02 |
||